
Library Catalogue

| 000 -LEADER | |
|---|---|
| fixed length control field | 01002nam a2200241Ia 4500 |
| 003 - CONTROL NUMBER IDENTIFIER | |
| control field | OSt |
| 005 - DATE AND TIME OF LATEST TRANSACTION | |
| control field | 20260430070757.0 |
| 008 - FIXED-LENGTH DATA ELEMENTS--GENERAL INFORMATION | |
| fixed length control field | 160316s2009 xxu||||| |||| 00| 0 eng d |
| 020 ## - INTERNATIONAL STANDARD BOOK NUMBER | |
| International Standard Book Number | 9788129113610 |
| 040 ## - CATALOGING SOURCE | |
| Transcribing agency | n |
| 082 ## - DEWEY DECIMAL CLASSIFICATION NUMBER | |
| Classification number | 327.1 SIN |
| 100 ## - MAIN ENTRY--PERSONAL NAME | |
| Personal name | Singh Jaswant |
| 245 ## - TITLE STATEMENT | |
| Title | A call to honour : In service of emergent India/ |
| Remainder of title | Singh Jaswant |
| 260 ## - PUBLICATION, DISTRIBUTION, ETC. | |
| Place of publication, distribution, etc. | New Delhi : |
| Name of publisher, distributor, etc. | Rupa & Co, |
| Date of publication, distribution, etc. | 2009, |
| 300 ## - PHYSICAL DESCRIPTION | |
| Extent | 426p |
| Dimensions | xxiv |
| 365 ## - TRADE PRICE | |
| Price amount | Rs. 395 |
| 505 ## - Contents | |
| Contents | ABOUT THIS BOOK<br/>About the Book A Call to Honour: In Service of Emergent India is an evocative account about a crucial period in India’s history. After the passing of the Nehruvian era of conservative socialism and non-alignment in international relations, India went on to redefine its character and goals in accordance with the demands of a post Cold War world |
| 650 ## - SUBJECT ADDED ENTRY--TOPICAL TERM | |
| Topical term or geographic name entry element | Singh Jaswant - 1938 |
| 650 ## - SUBJECT ADDED ENTRY--TOPICAL TERM | |
| Topical term or geographic name entry element | Foreign Rrelations - India - 1984 |
| 650 ## - SUBJECT ADDED ENTRY--TOPICAL TERM | |
| Topical term or geographic name entry element | Politics & Government - India - 1977 |
| 700 ## - ADDED ENTRY--PERSONAL NAME | |
| Personal name | |
| -- | |
| 942 ## - ADDED ENTRY ELEMENTS (KOHA) | |
| Source of classification or shelving scheme | Dewey Decimal Classification |
| Koha item type | BOOKs |
| Withdrawn status | Lost status | Source of classification or shelving scheme | Damaged status | Not for loan | Home library | Current library | Shelving location | Date acquired | Cost, normal purchase price | Total Checkouts | Full call number | Barcode | Date last seen | Price effective from | Koha item type |
|---|---|---|---|---|---|---|---|---|---|---|---|---|---|---|---|
| Dewey Decimal Classification | NLS | NLS | General Stacks | 30/05/2017 | 395.00 | 327.1 SIN | 30530 | 30/05/2017 | 30/05/2017 | BOOKs |